Cognomi più diffusi in Italia - Statistics

Statistiche generali
  • Questo quiz è stato fatto 170 volte
  • Il punteggio medio è 5 su 15
Statistiche sulle risposte
Cognome % Corretto
Rossi
100%
Bianchi
87%
Esposito
65%
Ferrari
44%
Russo
43%
Romano
23%
Conti
20%
De Luca
15%
Bruno
13%
Gallo
13%
Marino
13%
Ricci
13%
Costa
7%
Fontana
6%
Moretti
3%
Nessun quiz corrispondente trovato
Distribuzione punteggi
Percentuale di utenti per punteggio
Percentile per numero di risposta
I tuoi punteggi nel tempo
Non hai fatto questo quiz